000 01853nam a22002777a 4500
005 20120216105739.0
020 _a9788124307953 (भाग-1)
_c42.00
020 _a8124307962 (भाग-2)
_c42.00
020 _a8124307970 (भाग-3)
_c42.00
020 _a8124307989 (भाग-4)
_c42.00
082 _a
100 _aजोशी, योगेश
_942328
245 _aरामायण के अमर पात्र /
_cयोगेश जोशी;मंगरूराम मिश्र द्वारा रूपांतरित;सतपालसिंह छाबड़ा द्वारा चित्रांकित
260 _aमुंबई
_bनवनीत पब्लिकेशन्स
_cव.अ.
270 _aभवानीशंकर रोड, दादर
_bमुंबई
_e400028
300 _a4 भाग(40पृ;39पृ;39पृ;40पृ.)
_bसचित्र
_c18सेमी (सजिल्द)
500 _a4 भागों में प्रकाशित
500 _aभाग 1 से 4 का सेट
700 _aमिश्र, मंगरूराम
_939428
700 _aछाबड़ा, सतपालसिंह
_942223
942 _2ddc
_cCH
_mजोशीयो
_h
999 _c62940
_d62940